Normal view
MARC view
Entry Personal Name
001 - CONTROL NUMBER
- control field: 66768
003 - CONTROL NUMBER IDENTIFIER
- control field: dpl
005 - DATE AND TIME OF LATEST TRANSACTION
- control field: 20240522153112.0
008 - FIXED-LENGTH DATA ELEMENTS
- fixed length control field: 240522|| aca||aabn | a|a d
040 ## - CATALOGING SOURCE
- Original cataloging agency: dpl
- Transcribing agency: dpl
100 ## - HEADING--PERSONAL NAME
- Personal name: Kant, Surya
670 ## - SOURCE DATA FOUND
- Source citation: Work cat.: (dpl)203184: Doabia, TS 66767, Enviroment & Pollution Laws In India/, 2021
